000 00651nam a2200253Ia 4500
005 20260306145456.0
008 008 260114s9999 xx 000 0 eng d
020 _a9781526155177
037 _aEbook
040 _aCRL
040 _beng
040 _cCRL
041 _2eng
041 _aeng
084 _qCRL
100 _aGillespie, Andra
_91123836
245 0 _aRace and the Obama administration: substance, symbols and hope
260 _bManchester University Press (MUP)
260 _c2017
650 _aSocial Sciences
856 _uhttps://www.degruyter.com/isbn/9781526155177
942 _cEBOOK
999 _c1688673
_d1688673